125 most common firsts names for girls - Statistics

General Stats
  • This quiz has been taken 61 times
  • The average score is 36 of 125
Answer Stats
Answer % Correct
Eliza
77%
Olivia
77%
Emma
73%
Grace
73%
Anna
71%
Elizabeth
71%
Sarah
71%
Charlotte
63%
Emily
63%
Rose
63%
Ava
60%
Hannah
58%
Isabella
58%
Maria
58%
Sofia
58%
Sophia
58%
Amelia
54%
Chloé
54%
Evelyn
54%
Mia
54%
Victoria
54%
Ella
50%
Ellie
50%
Eva
50%
Ivy
50%
Zoe
50%
Sophie
48%
Lucy
46%
Isla
44%
Aria
42%
Ashly
42%
Daisy
42%
Julia
42%
Violet
42%
Alice
40%
Abigail
38%
Jade
38%
Ruby
38%
Millie
37%
Willow
37%
Harper
35%
Iris
35%
Luna
33%
Madison
33%
Margaret
33%
Georgia
31%
Natalie
31%
Ariana
29%
Bella
29%
Clara
29%
Eleanor
29%
Nora
29%
Caroline
27%
Josephine
27%
Melanie
27%
Audrey
25%
Leah
25%
Mila
25%
Penelope
25%
Sadie
25%
Scarlett
25%
Allison
23%
Lillian
23%
Lydia
23%
Paisley
23%
Aurora
21%
Camila
21%
Claire
21%
Elena
21%
Hailey
21%
Layla
21%
Maya
21%
Naomi
21%
Natalia
21%
Riley
21%
Addison
19%
Avery
19%
Gabriella
19%
Gianna
19%
Quinn
19%
Vivian
19%
Brooklyn
17%
Cora
17%
Hazel
17%
Lili
17%
Lyla
17%
Stella
17%
Lucia
15%
Madeline
15%
Autumn
13%
Josie
13%
Aaliyah
12%
Eloise
12%
Kennedy
12%
Nova
12%
Adeline
10%
Eliana
10%
Emilia
10%
Everly
10%
Savannah
10%
Zoey
10%
Athena
8%
Leilani
8%
Parker
8%
Ayla
6%
Eden
6%
Emery
6%
Genesis
6%
Kinsley
6%
Lainey
6%
Melodie
6%
Valentina
6%
Amara
4%
Cecilia
4%
Serenity
4%
Juniper
2%
Maeve
2%
Ailany
0%
Alaia
0%
Dehiliah
0%
Hadley
0%
Lyliana
0%
Raelynn
0%
Rylee
0%
No matching quizzes found
Score Distribution
Percent of People with Each Score
Percentile by Number Answered
Your Score History
You have not taken this quiz